00309 a2200133 450000100060000002000060000604000370001210000290004924000340007824500290011230000080014136200090014965000170015874286 a  cAnchieta - Colégio São Paulo aZuninho, Della Lerner de10aA matemática na escolalpor10aA matemática na escola a1910 a1995 4aEducação